000 00359nam a2200145Ia 4500
008 090122s9999 xx 000 0 und d
082 _b4144
_a891.463
100 _aदेसाई
_bरणजित
245 _aबारी
600 _aदेसाई
630 _aबारी
700 _aदेसाई
730 _aबारी
942 _cBOOK
999 _c28222
_d28222